| 000 | 00688nam a2200229 4500 | ||
|---|---|---|---|
| 003 | OSt | ||
| 005 | 20260601193845.0 | ||
| 008 | 260421b1978 sp a|||| |||| 00| 0 spa d | ||
| 020 | _a8425207274 | ||
| 040 |
_aICI _bspa _cICI |
||
| 050 |
_aGN51 _bC72 1978 |
||
| 100 | 1 |
_a Croney, John, _eautor |
|
| 245 | 1 |
_aAntropometria para disenadores / _cJohn croney ; version castellana de María antonia sixto |
|
| 264 |
_bGustavo Gili, _c1978 _a Barcelona ; México : |
||
| 300 |
_a173 páginas _bilustraciones _c24 cm. |
||
| 336 |
_atexto _2rdacontent |
||
| 337 |
_asin medio _2rdamedia |
||
| 338 |
_avolumen _2rdacarrier |
||
| 650 | _a Antropometría | ||
| 650 | _aErgonomía | ||
| 942 |
_2lcc _cB |
||
| 999 |
_c21590 _d21590 |
||